| 000 | | | 05613cbc2a2200000#x 450 |
| 001 | | | 8840150a-1d23-4d96-813b-5e4799e05942 |
| 005 | | | 20181221102857.0 |
| 101 | 0# | $a | rus |
| 102 | ## | $a | RU |
| 200 | 1# | $a | Дело по представлению президента Академии наук об определении естествоиспытателя Менетрие в ведомство Кунсткамеры Академии наук |
| | $j | 3 - 18 ноября 1825 г. |
| 251 | ## | $c | Дело |
| 215 | ## | $a | 181 лист |
| | $d | 36,5х26 см |
| 225 | 0# | $a | Фонд Департамент народного просвещения |
| | $h | Опись № 12 |
| 801 | #0 | $a | RU |
| | $b | РГИА |
| 801 | #1 | $a | RU |
| | $b | ПБ им. Б.Н. Ельцина |
| | $2 | rusmarc |
| | $c | 20160225 |
| 801 | #2 | $a | RU |
| | $b | ПБ им. Б.Н. Ельцина |
| | $g | RCR |
| | $2 | rusmarc |
| 850 | ## | $a | Федеральное казенное учреждение "Российский государственный исторический архив" |
| 852 | ## | $a | РГИА |
| | $j | 298 |
| 100 | ## | $a | 20131001l18251825k##a0rusy0102####са |
| 937 | ## | $d | 10894402 |
| | $h | ПБ |
| 105 | ## | $a | y### |
| 122 | 2# | $a | d18251103## |
| | $a | d18251118## |
| 461 | #0 | $1 | 001a74412a3-3cc5-4d21-8f0a-dfe2fbd9e72d |
| | $1 | 2001 |
| | $a | Департамент народного просвещения Министерства народного просвещения |
| | $1 | 251 |
| | $c | Фонд |
| | $1 | 852 |
| | $j | 733 |
| 462 | #0 | $1 | 0018bf52176-83f3-4397-9f3c-aa838725db6a |
| | $1 | 2001 |
| | $a | 1802-1839 гг. |
| | $v | Д. 298 |
| | $1 | 251 |
| | $c | Опись |
| | $1 | 852 |
| | $j | 12 |
| 035 | ## | $a | 8840150a-1d23-4d96-813b-5e4799e05942 |
| 300 | ## | $a | Рукописный текст. Чернила |
| 600 | #1 | $2 | prlib_sh |
| | $3 | LIBNET\UAF\0000079986 |
| | $a | Менетрие |
| | $b | Э.П. |
| | $f | 1802-1861 |
| | $g | Эдуард Петрович |
| | $j | Документы и материалы |
| 601 | 02 | $2 | nlr_sh |
| | $3 | RU\NLR\AUTH\6601616621 |
| | $a | Музей антропологии и этнографии им. Петра Великого |
| | $c | Санкт-Петербург, город |
| | $j | Документы и материалы |
| | $x | История |
| 601 | 02 | $2 | prlib_sh |
| | $3 | LIBNET\UAF\0000079988 |
| | $a | Музей антропологии и этнографии им. Петра Великого |
| | $c | Санкт-Петербург, город |
| | $j | Документы и материалы |
| | $x | Коллектив |
| | $x | История |
| 605 | ## | $2 | acquisition_Prlib |
| | $3 | DITM\AF\0000003834 |
| | $a | Народ |
| | $l | коллекция |
| 605 | ## | $a | Россия в лицах |
| | $l | коллекция |
| | $2 | acquisition_Prlib |
| | $3 | DITM\AF\0000004166 |
| 605 | ## | $a | Музей антропологии и этнографии им. Петра Великого (Кунсткамера) Российской академии наук |
| | $l | коллекция |
| | $2 | acquisition_Prlib |
| | $3 | LIBNET\UAF\0000079965 |
| 686 | ## | $2 | rubbk |
| | $a | 79.147.1ю1 |
| | $v | LBC/M |
| 686 | ## | $a | 63.3(2)52ю1 |
| | $v | LBC/M |
| | $2 | rubbk |